Statistics for Flags of Countries in the World Cup of 1938

Click here to take the quiz!

General Stats

  • This quiz has been taken 150 times
  • The average score is 14 of 14

Answer Stats

Answer% Correct
Brazil
100%
Sweden
100%
Italy
98%
Belgium
97%
France
97%
Hungary
97%
Norway
97%
Poland
97%
Romania
97%
Switzerland
97%
Czechoslovakia
96%
Germany
95%
Netherlands / Dutch East Indies
95%
Cuba
94%

Score Distribution

Percentile by Number Answered

Percent of People with Each Score

Your Score History

You have not taken this quiz